Prachya Aru Pachatya Sahityar Subas (Record no. 9346)

MARC details
000 -LEADER
fixed length control field 00403cam a2200181ua 4500
001 - CONTROL NUMBER
control field 9360
008 - FIXED-LENGTH DATA ELEMENTS--GENERAL INFORMATION
fixed length control field 140402n ii |||gr||||Z||||||eng
020 ## - INTERNATIONAL STANDARD BOOK NUMBER
International Standard Book Number 978-93-83308-20-0
040 ## - CATALOGING SOURCE
Original cataloging agency MAIN
041 ## - LANGUAGE CODE
Language code of text/sound track or separate title English
082 ## - DEWEY DECIMAL CLASSIFICATION NUMBER
Item number MAH
100 ## - MAIN ENTRY--PERSONAL NAME
Personal name Mahanta,Junu.
245 ## - TITLE STATEMENT
Title Prachya Aru Pachatya Sahityar Subas
250 ## - EDITION STATEMENT
Edition statement 1st.
260 ## - PUBLICATION, DISTRIBUTION, ETC.
Place of publication, distribution, etc. Jorhat:
Name of publisher, distributor, etc. Sabda Prakash.
300 ## - PHYSICAL DESCRIPTION
Extent 132.
942 ## - ADDED ENTRY ELEMENTS (KOHA)
Koha item type Books
Holdings
Withdrawn status Lost status Damaged status Not for loan Home library Current library Date acquired Total Checkouts Full call number Barcode Date last seen Copy number Price effective from Koha item type
        Sibsagar Commerce College Central Library Sibsagar Commerce College Central Library 24/02/2020   MAH 22,483 24/02/2020 1 24/02/2020 Books
        Sibsagar Commerce College Central Library Sibsagar Commerce College Central Library 24/02/2020   MAH 22,486 24/02/2020 2 24/02/2020 Books


Sibsagar Commerce College © 2020. All rights reserved.
Powered by Koha.
Hosted by LIBKART.